000 01519cam a2200301 a 4500
999 _c129169
_d129169
001 14588679
003 ARRUPE
005 20190307120423.0
008 061010s2006 dcua b i000 0 eng d
010 _a 2006299183
020 _a1589064585
035 _a(OCoLC)ocm70245132
040 _aDBI
_cDBI
_dVP@
_dUAB
_dBAKER
_dYDX
_dDLC
042 _alccopycat
050 0 0 _aHJ192.5
_b.E96 2006
100 _aTsibouris, George C.
_945130
245 0 0 _aExperience with large fiscal adjustments /
_cGeorge C. Tsibouris ... [et. al.].
260 _aWashington, DC :
_bInternational Monetary Fund,
_c2006
300 _av, 46 p. :
_bcol. ill. ;
_c28 cm.
490 1 _aOccasional paper ;
_v246
504 _aIncludes bibliographical references (p. 44).
520 _a"This Occasional Paper analyzes the experience of countries that have implemented very sizable fiscal adjustments over the past three decades. It aims to identify key conditions and institutional approaches that have contributed to sustained outcomes and to favorable macroeconomic developments. In this way, the paper may provide operational guidance to policymakers" -- pref.
650 0 _aFiscal policy.
_945127
650 0 _aStructural adjustment (Economic policy)
_925211
650 0 _aFiscal policy
_xCase studies
_945131
650 0 _aFiscal policy
_xDeveloping countries
_945132
650 0 _aInternational monetary fund
_945117
700 1 _aTsibouris, George C.
_945130
710 2 _aInternational Monetary Fund.
_926656
830 0 _aOccasional paper (International Monetary Fund) ;
_v246
_945133
906 _a7
_bcbc
_ccopycat
_d2
_encip
_f20
_gy-gencatlg
942 _2lcc
_cMONOGRAPH